[Event "XIII American Continental"]
[Site "Montevideo URU"]
[Date "2018.06.05"]
[Round "6"]
[White "Carvalho, Herbert Abreu"]
[Black "Nascimento, Pedro Henrique Alves"]
[Result "1-0"]
[WhiteElo "2149"]
[BlackElo "1979"]
[EventDate "2018.06.01"]
[PlyCount "99"]

1.Nf3 Nf6 2.c4 e6 3.d4 b6 4.g3 Bb7 5.Bg2 Be7 6.O-O O-O 7.Nc3 Ne4 8.Bd2 f5 
9.Ne5 Nxc3 10.Bxc3 Bxg2 11.Kxg2 d6 12.Nd3 a5 13.f3 Nd7 14.Nf4 Rf6 15.e4 
fxe4 16.fxe4 e5 17.dxe5 Nxe5 18.Qd5+ Kh8 19.Bxe5 c6 20.Qd4 dxe5 21.Qxe5 
Bd6 22.Qc3 Qe7 23.Qc2 Bxf4 24.Rxf4 Rxf4 25.gxf4 Rd8 26.e5 Rd4 27.Qf5 c5 
28.Re1 h6 29.Kg3 Rd2 30.e6 Kg8 31.Re5 Rd6 32.Qe4 Rd4 33.Qg6 Rd6 34.Re3 Rd4
35.b3 Rd6 36.f5 Rd8 37.Rf3 Qd6+ 38.Kh3 Rf8 39.Qg3 Qe7 40.Qe5 Kh7 41.Qe4 
Kg8 42.Rd3 Qg5 43.Qg4 Qc1 44.Rf3 Rf6 45.Rg3 g5 46.Qe2 Kf8 47.e7+ Ke8 48.
Rd3 g4+ 49.Kg2 Re6 50.fxe6 1-0

[Event "XIII American Continental"]
[Site "Montevideo URU"]
[Date "2018.06.05"]
[Round "6"]
[White "Ledezma Panades, Hernan Javier"]
[Black "Markzon, Gregory"]
[Result "1-0"]
[WhiteElo "1887"]
[BlackElo "2144"]
[EventDate "2018.06.01"]
[PlyCount "65"]

1.e4 c5 2.c3 d6 3.d4 Nf6 4.Bd3 Nc6 5.Nf3 g6 6.h3 Bg7 7.O-O O-O 8.Be3 b6 9.
a4 cxd4 10.cxd4 Nb4 11.Nc3 Nxd3 12.Qxd3 d5 13.e5 Ne4 14.Nxe4 Bf5 15.Nfd2 
dxe4 16.Qb3 Qd7 17.Rfc1 Qb7 18.a5 Rac8 19.axb6 axb6 20.Nc4 Qd5 21.Qb4 Qd8 
22.Ra6 Be6 23.b3 f5 24.Qxb6 Bd5 25.Bg5 Qxb6 26.Rxb6 Kf7 27.Rb5 Rcd8 28.Ne3
Ba8 29.Rc7 Rfe8 30.Nc4 Rxd4 31.Nd6+ Kf8 32.Bxe7+ Kg8 33.Nxe8 1-0

[Event "XIII American Continental"]
[Site "Montevideo URU"]
[Date "2018.06.05"]
[Round "6"]
[White "Ferrari, Carlos"]
[Black "Mafra, Kaiser Luiz"]
[Result "0-1"]
[WhiteElo "1703"]
[BlackElo "2116"]
[EventDate "2018.06.01"]
[PlyCount "52"]

1.e4 e5 2.Nf3 Nc6 3.Bb5 a6 4.Ba4 Nf6 5.O-O Be7 6.Nc3 b5 7.Bb3 O-O 8.d3 d6 
9.h3 Na5 10.Be3 Nxb3 11.axb3 Bb7 12.Ne2 c5 13.c4 Ne8 14.Ng3 g6 15.Nh2 Bh4 
16.Bh6 Ng7 17.Qd2 Re8 18.Ne2 f5 19.Bxg7 Kxg7 20.exf5 gxf5 21.Ng3 f4 22.
Nf5+ Kh8 23.Ng4 Bg5 24.Qe2 Qd7 25.Ngh6 f3 26.gxf3 Bxh6 0-1

[Event "XIII American Continental"]
[Site "Montevideo URU"]
[Date "2018.06.05"]
[Round "6"]
[White "Arias Bouzada, Jorge"]
[Black "Reolon, Victor"]
[Result "1-0"]
[WhiteElo "2097"]
[BlackElo "1678"]
[EventDate "2018.06.01"]
[PlyCount "61"]

1.c4 e6 2.Nc3 d5 3.d4 Nf6 4.Nf3 Bb4 5.Bg5 h6 6.Bxf6 Qxf6 7.e3 O-O 8.Be2 
dxc4 9.Bxc4 Nd7 10.O-O Nb6 11.Be2 Nd7 12.Qc2 c6 13.Rac1 Rd8 14.a3 Bf8 15.
Rfd1 e5 16.Ne4 Qe7 17.d5 Nf6 18.dxc6 Rxd1+ 19.Rxd1 Nxe4 20.Qxe4 bxc6 21.
Nxe5 Be6 22.Nxc6 Qe8 23.b4 f5 24.Qf3 Bb3 25.Rb1 Bc2 26.Qd5+ Kh8 27.Bc4 Be7
28.Nxe7 Bxb1 29.Nxf5 Rd8 30.Nd6 Rd7 31.Nxe8 1-0

[Event "XIII American Continental"]
[Site "Montevideo URU"]
[Date "2018.06.05"]
[Round "6"]
[White "Palma Neira, Eliseo Maximiliano"]
[Black "Kimelman Bercovici, Gabriel"]
[Result "0-1"]
[WhiteElo "1956"]
[BlackElo "2279"]
[EventDate "2018.06.01"]
[PlyCount "134"]

1.d4 e6 2.c4 f5 3.Nf3 Nf6 4.g3 Bb4+ 5.Bd2 Qe7 6.a3 Bxd2+ 7.Qxd2 O-O 8.Bg2 
d6 9.Nc3 c6 10.O-O Nbd7 11.Qc2 e5 12.e4 f4 13.gxf4 exf4 14.Rfe1 Ng4 15.e5 
dxe5 16.h3 Nh6 17.dxe5 Nc5 18.Qe2 Bf5 19.Rad1 Rad8 20.Rxd8 Rxd8 21.Rd1 Bd3
22.Qd2 Ne6 23.Nd5 cxd5 24.Qxd3 dxc4 25.Qc2 b5 26.Rxd8+ Qxd8 27.Qe4 Qd7 28.
h4 Qd1+ 29.Bf1 Kf8 30.Kg2 Ke7 31.Be2 Qd7 32.Ng5 Nxg5 33.hxg5 Nf7 34.Qxh7 
Qd5+ 35.Bf3 Qxe5 36.g6 Nh6 37.Qh8 Qg5+ 38.Kf1 Qxg6 39.Qb8 Qb1+ 40.Kg2 Qg6+
41.Kf1 Qb1+ 42.Kg2 Qxb2 43.Qc7+ Kf6 44.Qd8+ Kf5 45.Qd7+ Kg5 46.Be4 f3+ 47.
Kxf3 Qe5 48.Qd2+ Kh4 49.Bc2 Qh5+ 50.Ke4 Qf5+ 51.Kd4 Qd7+ 52.Ke3 Qxd2+ 53.
Kxd2 Ng4 54.f4 Kg3 55.f5 Kf4 56.Kc3 Ne3 57.Bb1 Nxf5 58.a4 a6 59.Kb4 Nd4 
60.Kc5 Nb3+ 61.Kb4 bxa4 62.Bg6 Nd2 63.Kxa4 Ke3 64.Ka5 Ne4 65.Kb4 Kd4 66.
Bf7 g5 67.Bxc4 a5+ 0-1

[Event "XIII American Continental"]
[Site "Montevideo URU"]
[Date "2018.06.05"]
[Round "6"]
[White "Chaves, Jorge Antonio Torres"]
[Black "Dominguez Barreto, Facundo"]
[Result "1/2-1/2"]
[WhiteElo "1936"]
[BlackElo "2141"]
[EventDate "2018.06.01"]
[PlyCount "209"]

1.e4 e6 2.d4 d5 3.Nd2 Nc6 4.Ngf3 Nf6 5.e5 Nd7 6.c3 f6 7.exf6 Qxf6 8.Bb5 
Bd6 9.O-O O-O 10.Nb3 e5 11.Bg5 Qf7 12.dxe5 Ndxe5 13.Nxe5 Nxe5 14.Be2 Bd7 
15.Nd4 c6 16.f4 Nc4 17.Bxc4 dxc4 18.Nxc6 Bxc6 19.Qxd6 h6 20.Be7 Rfe8 21.
Rae1 Qh5 22.Re5 Qg4 23.Qe6+ Qxe6 24.Rxe6 Rac8 25.Rfe1 Kf7 26.R6e5 a6 27.
Kf2 Bd7 28.g3 Rc6 29.f5 Bc8 30.g4 g6 31.h3 Rb6 32.R1e2 gxf5 33.gxf5 Rb5 
34.Rxb5 axb5 35.f6 Bxh3 36.Ke3 h5 37.Kd4 Bd7 38.Ke5 Bc6 39.Rh2 Rh8 40.Rh4 
Bf3 41.Kd6 Rc8 42.Ke5 Bg4 43.Kf4 Rc7 44.Ke5 Rc6 45.Bd6 Rc8 46.Rh2 Rg8 47.
Be7 Rg5+ 48.Kd6 Be6 49.Kc7 Bd5 50.Bd8 Bf3 51.Kb6 Rd5 52.Be7 Rf5 53.Rh4 Bc6
54.Rh2 Kg6 55.Rd2 Rf4 56.Rd8 Rf2 57.Rg8+ Kf7 58.Rf8+ Ke6 59.Rh8 Rxb2 60.
Rxh5 Rc2 61.Rh3 Rxa2 62.Kc7 Rd2 63.Re3+ Kf7 64.Rh3 Rd7+ 65.Kb6 Rd3 66.Rh7+
Ke6 67.Bc5 Kxf6 68.Bd4+ Kf5 69.Kc5 Rg3 70.Re7 Rg2 71.Re3 Kf4 72.Re5 Rh2 
73.Re1 Rh5+ 74.Kb4 Be4 75.Rf1+ Bf3 76.Re1 Bc6 77.Re8 Rh1 78.Kc5 Rb1 79.Re2
Rb3 80.Re8 Bf3 81.Be3+ Kf5 82.Bd4 Rb2 83.Re3 Kf4 84.Re7 Rb1 85.Be3+ Kf5 
86.Bd4 Bg2 87.Re5+ Kf4 88.Re7 Bh1 89.Be3+ Kg4 90.Bd4 Bf3 91.Re5 Kg3 92.Re6
b4 93.cxb4 Rc1 94.Re3 Kf4 95.Rc3 Rd1 96.Be3+ Ke4 97.Kxc4 Be2+ 98.Kb3 Rb1+ 
99.Ka3 Bd3 100.Bc1 b5 101.Bb2 Rh1 102.Rc1 Rh6 103.Bc3 Bc4 104.Kb2 Rg6 105.
Rd1 1/2-1/2

[Event "XIII American Continental"]
[Site "Montevideo URU"]
[Date "2018.06.05"]
[Round "6"]
[White "Guerrero, Alvaro"]
[Black "Rodriguez Farias, Eduardo"]
[Result "1-0"]
[WhiteElo "2116"]
[BlackElo "1943"]
[EventDate "2018.06.01"]
[PlyCount "83"]

1.d4 Nf6 2.c4 g6 3.Nc3 Bg7 4.e4 d6 5.Nf3 O-O 6.Be2 e5 7.d5 a5 8.O-O Na6 9.
Nd2 Bd7 10.Rb1 Nc5 11.b3 Bh6 12.Qc2 Ne8 13.a3 f5 14.Bf3 f4 15.b4 axb4 16.
axb4 Na6 17.Ba3 g5 18.h3 Nf6 19.Rb3 g4 20.Bxg4 Nxg4 21.hxg4 Bxg4 22.f3 Bd7
23.c5 Rf6 24.Nc4 Bf8 25.b5 Nb8 26.c6 bxc6 27.dxc6 Rh6 28.Nd5 Bxc6 29.bxc6 
Nxc6 30.Ncb6 Nd4 31.Qc4 Kh8 32.Nxa8 Qh4 33.Nxf4 Qxf4 34.Bc1 Qh2+ 35.Kf2 
Qh4+ 36.Ke3 d5 37.Qxd5 Re6 38.Rb8 Qh6+ 39.Kd3 Qg7 40.Ba3 Qxg2 41.Rxf8+ Kg7
42.Qd7+ 1-0

[Event "XIII American Continental"]
[Site "Montevideo URU"]
[Date "2018.06.05"]
[Round "6"]
[White "Pena Canapa, Alfredo"]
[Black "Avgoustopoulos, Christian"]
[Result "1-0"]
[WhiteElo "1925"]
[BlackElo "2110"]
[EventDate "2018.06.01"]
[PlyCount "69"]

1.d4 d6 2.c4 Nf6 3.Nc3 Nbd7 4.Nf3 c6 5.e4 e5 6.d5 Be7 7.Be2 O-O 8.O-O Nc5 
9.Nd2 a5 10.b3 Re8 11.h3 Bd7 12.Re1 Rc8 13.Bb2 Bf8 14.a3 Qb6 15.Rb1 cxd5 
16.cxd5 g6 17.a4 Bh6 18.Nc4 Qc7 19.Bf1 Nh5 20.g3 Bf8 21.Bc1 f5 22.Rb2 Nf6 
23.f3 Be7 24.Kh2 Nh5 25.exf5 gxf5 26.f4 Nf6 27.fxe5 dxe5 28.d6 Qc6 29.dxe7
Rxe7 30.Qd6 Qxd6 31.Nxd6 Rc6 32.Nc4 b6 33.Bg5 Ree6 34.Nxe5 Nh5 35.Bc4 1-0

[Event "XIII American Continental"]
[Site "Montevideo URU"]
[Date "2018.06.05"]
[Round "6"]
[White "Restuccia, Francisco"]
[Black "Lanaro, Emilio"]
[Result "1-0"]
[WhiteElo "2094"]
[BlackElo "1760"]
[EventDate "2018.06.01"]
[PlyCount "51"]

1.e4 e5 2.Nf3 Nc6 3.Bc4 Bc5 4.b4 Bxb4 5.c3 Ba5 6.d4 f6 7.dxe5 Nxe5 8.Nxe5 
fxe5 9.Qd5 Qf6 10.Qxa5 b6 11.Qd5 Rb8 12.O-O Ne7 13.Qd3 g5 14.Na3 h5 15.Nb5
Rb7 16.Qg3 g4 17.f4 Qc6 18.Qd3 a6 19.Na3 exf4 20.Qd4 Rh7 21.Bxf4 b5 22.Bd5
Nxd5 23.exd5 Qg6 24.Rae1+ Kf8 25.Bd6+ Kg8 26.Rf8# 1-0

[Event "XIII American Continental"]
[Site "Montevideo URU"]
[Date "2018.06.05"]
[Round "6"]
[White "Pinero, Ismael"]
[Black "Sauvageot Ledezma, Diego"]
[Result "0-1"]
[WhiteElo "1883"]
[BlackElo "2084"]
[EventDate "2018.06.01"]
[PlyCount "78"]

1.e4 c5 2.Nf3 Nc6 3.d4 cxd4 4.Nxd4 g6 5.c4 Nf6 6.Nc3 Bg7 7.Nc2 O-O 8.Be2 
d6 9.O-O a5 10.f3 Be6 11.Ne3 Qb6 12.Kh1 Rfc8 13.Ncd5 Bxd5 14.cxd5 Ne5 15.
Nc2 Ned7 16.Na3 a4 17.Nc4 Qd8 18.Rb1 b5 19.Na3 b4 20.Nc4 Nb6 21.b3 Nxc4 
22.Bxc4 Qa5 23.Bd2 Nd7 24.Qe1 axb3 25.Bxb4 Qxa2 26.Bxb3 Qa6 27.Qd2 Rab8 
28.Rfd1 Rc7 29.Bc2 Qa2 30.Bd3 Qa4 31.Ba5 Rxb1 32.Rxb1 Rc5 33.Bb4 Rc8 34.g3
Ne5 35.Qe2 h5 36.Be1 Qa3 37.Rd1 Rc1 38.Rxc1 Qxc1 39.Kg2 Nxd3 0-1

[Event "XIII American Continental"]
[Site "Montevideo URU"]
[Date "2018.06.05"]
[Round "6"]
[White "Zaruski, Julio"]
[Black "Izquierdo, Daniel"]
[Result "0-1"]
[WhiteElo "1862"]
[BlackElo "2078"]
[EventDate "2018.06.01"]
[PlyCount "76"]

1.d4 c5 2.e3 e6 3.Bd3 Nc6 4.c3 d5 5.f4 Nf6 6.Nf3 Ne4 7.Nbd2 f5 8.O-O Bd6 
9.Ne5 O-O 10.Ndf3 Bd7 11.Bd2 Be8 12.Be1 Bh5 13.Be2 Qc7 14.Nxc6 bxc6 15.Ne5
Bxe2 16.Qxe2 Rab8 17.Rf3 c4 18.Rc1 Rb7 19.h3 Kh8 20.b3 Bxe5 21.fxe5 cxb3 
22.axb3 Rxb3 23.c4 Qb7 24.cxd5 cxd5 25.Rf4 h6 26.Kh2 Kh7 27.Ba5 Rb2 28.Rc2
Rxc2 29.Qxc2 Rc8 30.Qe2 Rc4 31.Qf3 Qb1 32.Rxe4 Qxe4 33.Qg3 g5 34.Be1 Rc2 
35.Bf2 f4 36.exf4 Qxf4 37.Qxf4 gxf4 38.Kg1 a5 0-1

[Event "XIII American Continental"]
[Site "Montevideo URU"]
[Date "2018.06.05"]
[Round "6"]
[White "Medrano, Mario"]
[Black "Ruggiero, Alvaro"]
[Result "1/2-1/2"]
[WhiteElo "2073"]
[BlackElo "1894"]
[EventDate "2018.06.01"]
[PlyCount "110"]

1.d4 d5 2.Nf3 Nf6 3.g3 Bf5 4.Bg2 h6 5.b3 e6 6.Bb2 Be7 7.Nbd2 O-O 8.O-O 
Nbd7 9.c4 c6 10.Ne5 Rc8 11.Rc1 Qa5 12.Bc3 Bb4 13.Bxb4 Qxb4 14.e4 Nxe5 15.
exf5 Ned7 16.fxe6 fxe6 17.Re1 Rce8 18.f4 c5 19.Nf3 cxd4 20.Qxd4 Qc5 21.
Qxc5 Nxc5 22.Red1 Nce4 23.Ne5 Rd8 24.Bh3 Rfe8 25.Nf3 Kh8 26.c5 g5 27.Ne5 
Kg7 28.c6 bxc6 29.Rxc6 Rc8 30.Rdc1 Rxc6 31.Rxc6 Re7 32.Bxe6 gxf4 33.gxf4 
d4 34.Bf5 Nc3 35.Kf1 Nxa2 36.Rc2 Nb4 37.Rg2+ Kf8 38.Ng6+ Kf7 39.Nxe7 Kxe7 
40.Rg7+ Kd6 41.Rg6 Ke7 42.Rxh6 Nbd5 43.Bb1 Nxf4 44.Rh4 N6d5 45.Be4 Ne3+ 
46.Kf2 Ne6 47.Rh7+ Kd6 48.Rxa7 Nc5 49.Kf3 Nxb3 50.h4 Ke5 51.Re7+ Kf6 52.
Rb7 Nc5 53.Rb6+ Ne6 54.h5 Nc4 55.Ra6 Nd2+ 1/2-1/2

[Event "XIII American Continental"]
[Site "Montevideo URU"]
[Date "2018.06.05"]
[Round "6"]
[White "Cortes Arias, Mariela"]
[Black "Caceres Vasquez, Sergio"]
[Result "1/2-1/2"]
[WhiteElo "1830"]
[BlackElo "2041"]
[EventDate "2018.06.01"]
[PlyCount "109"]

1.e4 c6 2.d4 d5 3.e5 c5 4.Nf3 cxd4 5.Nxd4 Nc6 6.f4 e6 7.c3 Nh6 8.Bd3 Bc5 
9.Be3 Qb6 10.Qb3 O-O 11.Qxb6 Bxb6 12.Nd2 Ng4 13.Bg1 f6 14.h3 Nh6 15.N2f3 
fxe5 16.Nxc6 bxc6 17.Nxe5 Rxf4 18.Nxc6 Bb7 19.Bxb6 axb6 20.Nb4 d4 21.Rf1 
Raf8 22.g3 Rxf1+ 23.Bxf1 dxc3 24.bxc3 Nf5 25.Bc4 Re8 26.Kf2 Nd6 27.Bd3 e5 
28.Ke3 e4 29.Be2 Nf5+ 30.Kf4 g6 31.g4 Nh4 32.Bc4+ Kg7 33.Rd1 Re7 34.Bd5 
Ng2+ 35.Kg3 Ne3 36.Rd4 Nxd5 37.Nxd5 Bxd5 38.Rxd5 e3 39.Rd1 Rc7 40.Rc1 Re7 
41.Kf3 Kf6 42.h4 e2 43.Re1 Rc7 44.Rxe2 Rxc3+ 45.Kg2 Ra3 46.Kh2 h5 47.gxh5 
gxh5 48.Rb2 Kf5 49.Rxb6 Rxa2+ 50.Kg3 Ra3+ 51.Kh2 Kg4 52.Rb4+ Kf3 53.Rc4 
Ra2+ 54.Kh3 Ra1 55.Kh2 1/2-1/2

[Event "XIII American Continental"]
[Site "Montevideo URU"]
[Date "2018.06.05"]
[Round "6"]
[White "Pomar, Marcelo Nascimento"]
[Black "Palmieri, Daniel"]
[Result "1-0"]
[WhiteElo "2037"]
[BlackElo "1746"]
[EventDate "2018.06.01"]
[PlyCount "47"]

1.e4 e5 2.d4 exd4 3.Nf3 Nc6 4.Nxd4 Qe7 5.Nc3 Nf6 6.Nxc6 dxc6 7.Bd3 Bg4 8.
f3 Bh5 9.O-O O-O-O 10.Qe1 Kb8 11.Be3 h6 12.Qf2 a6 13.Rab1 Nd7 14.Na4 g5 
15.b4 Bg7 16.Nc5 Nxc5 17.bxc5 Ka7 18.Rb3 f5 19.Rfb1 f4 20.Rxb7+ Ka8 21.Qe1
Rxd3 22.cxd3 Qd7 23.Qa5 Qxd3 24.Ra7+ 1-0

[Event "XIII American Continental"]
[Site "Montevideo URU"]
[Date "2018.06.05"]
[Round "6"]
[White "Ortiz, Jorge"]
[Black "Torella, Rodolfo"]
[Result "1/2-1/2"]
[WhiteElo "1784"]
[BlackElo "2016"]
[EventDate "2018.06.01"]
[PlyCount "183"]

1.e4 d5 2.exd5 Qxd5 3.Nc3 Qa5 4.g3 Nf6 5.Bg2 Bg4 6.Nge2 c6 7.h3 Bf5 8.b4 
Qc7 9.Rb1 a6 10.a4 e6 11.O-O Nbd7 12.d3 Be7 13.Bf4 Bd6 14.Bxd6 Qxd6 15.b5 
axb5 16.axb5 O-O 17.Qd2 Nd5 18.Nd4 Bg6 19.bxc6 bxc6 20.Nxd5 cxd5 21.Nb5 
Qc5 22.Rb2 Rab8 23.Rfb1 Rfc8 24.Qe3 Kf8 25.Qxc5+ Rxc5 26.Nd4 Ra8 27.f4 Ra4
28.Nf3 f6 29.Nh4 Bf7 30.Nf3 Ke7 31.Kf2 h6 32.Ne1 g5 33.Rb4 Rca5 34.h4 gxh4
35.gxh4 Kd6 36.Ke3 Bg6 37.R1b2 Kc5 38.Rb7 Kd6 39.R2b4 e5 40.fxe5+ fxe5 41.
Bh3 Rxb4 42.Rxb4 Ra1 43.Kd2 Bh5 44.Bxd7 Kxd7 45.Ng2 d4 46.c3 Ra2+ 47.Kc1 
Rxg2 48.cxd4 exd4 49.Rxd4+ Ke7 50.Ra4 Bg6 51.Ra7+ Ke6 52.Ra6+ Kd5 53.h5 
Bxd3 54.Rxh6 Kd4 55.Rc6 Bc4 56.Kd1 Kc3 57.Ke1 Re2+ 58.Kd1 Re5 59.h6 Re7 
60.Rd6 Rf7 61.Kc1 Ra7 62.Rb6 Rf7 63.Rd6 Rf1+ 64.Rd1 Rf6 65.Rd8 Rxh6 66.Rd7
Rh1+ 67.Rd1 Rh2 68.Rd6 Ra2 69.Rb6 Bd3 70.Rc6+ Kd4 71.Rd6+ Kc4 72.Rc6+ Kd5 
73.Rc8 Kd4 74.Rd8+ Ke3 75.Re8+ Be4 76.Rd8 Rc2+ 77.Kd1 Rh2 78.Kc1 Rc2+ 79.
Kd1 Rc6 80.Rd7 Bc2+ 81.Ke1 Bf5 82.Re7+ Be4 83.Rd7 Rf6 84.Re7 Ra6 85.Rd7 
Ra1+ 86.Rd1 Ra2 87.Rd8 Re2+ 88.Kd1 Rb2 89.Ke1 Ra2 90.Rd6 Ra1+ 91.Rd1 Rxd1+
92.Kxd1 1/2-1/2

[Event "XIII American Continental"]
[Site "Montevideo URU"]
[Date "2018.06.05"]
[Round "6"]
[White "Chang, Suzana"]
[Black "Miraballes Lopez, Andres"]
[Result "0-1"]
[WhiteElo "1994"]
[BlackElo "1665"]
[EventDate "2018.06.01"]
[PlyCount "66"]

1.d4 f5 2.g3 Nf6 3.Bg2 d5 4.c4 e6 5.Nh3 c6 6.O-O Bd6 7.Qc2 O-O 8.Bf4 Ng4 
9.Nd2 Bxf4 10.Nxf4 Bd7 11.Nf3 Qe7 12.h3 Nf6 13.e3 Ne4 14.Rad1 Be8 15.Ne5 
Nd7 16.Nxd7 Qxd7 17.Kh2 g5 18.Nd3 Qg7 19.f3 Nf6 20.Nc5 Qe7 21.cxd5 Nxd5 
22.Rfe1 Bg6 23.e4 f4 24.g4 Ne3 25.Rxe3 fxe3 26.Qb3 e2 27.Re1 Bf7 28.Qd3 e5
29.Rxe2 exd4 30.Qxd4 Rad8 31.Qc3 Rfe8 32.e5 Rd5 33.Nd3 Bg6 0-1

[Event "XIII American Continental"]
[Site "Montevideo URU"]
[Date "2018.06.05"]
[Round "6"]
[White "Moccero, Eduardo"]
[Black "Maestro, Esteban"]
[Result "0-1"]
[WhiteElo "1970"]
[BlackElo "1444"]
[EventDate "2018.06.01"]
[PlyCount "88"]

1.d4 Nf6 2.Nf3 e6 3.e3 d5 4.Bd3 c5 5.c3 Nc6 6.Nbd2 Bd6 7.O-O O-O 8.dxc5 
Bxc5 9.e4 Qc7 10.Qe2 h6 11.h3 e5 12.exd5 Nxd5 13.Ne4 Bb6 14.Bc2 Be6 15.Ng3
Nde7 16.Be3 Bxe3 17.Qxe3 Nd5 18.Qd2 Nf4 19.Qe3 f5 20.Ne2 Nxe2+ 21.Qxe2 e4 
22.Rfe1 Qf7 23.Nd2 Rae8 24.Bb3 Ne5 25.Bxe6 Qxe6 26.b3 Nd3 27.Rf1 Qg6 28.f4
Qg3 29.Nc4 Nxf4 30.Rxf4 Qxf4 31.Rf1 Qc7 32.Qf2 b5 33.Ne3 f4 34.Nd5 Qc8 35.
Qxa7 Rf7 36.Qd4 f3 37.Ne3 Ref8 38.g4 h5 39.Qxe4 hxg4 40.hxg4 Qc5 41.Qd4 
Qc7 42.Qd5 Qg3+ 43.Kh1 Qh3+ 44.Kg1 f2+ 0-1

[Event "XIII American Continental"]
[Site "Montevideo URU"]
[Date "2018.06.05"]
[Round "6"]
[White "Areco, Antonio"]
[Black "Vazquez, Facundo"]
[Result "1/2-1/2"]
[WhiteElo "1746"]
[BlackElo "1969"]
[EventDate "2018.06.01"]
[PlyCount "132"]

1.Nf3 Nf6 2.d4 g6 3.g3 Bg7 4.Bg2 d6 5.O-O O-O 6.c4 Nbd7 7.Nc3 e5 8.dxe5 
dxe5 9.e4 c6 10.b3 Re8 11.Rb1 a5 12.Qe2 Qc7 13.Rd1 Nc5 14.Ba3 Nfd7 15.Ne1 
Bf8 16.Bb2 a4 17.b4 Ne6 18.a3 Nd4 19.Qd3 Nf6 20.Ne2 Nxe2+ 21.Qxe2 Bg7 22.
Rd3 Bg4 23.Bf3 Be6 24.Qc2 h6 25.Qc3 Nh7 26.Rbd1 Qe7 27.Bc1 f5 28.Be3 Ng5 
29.Bxg5 hxg5 30.Rd6 Qf7 31.c5 Rf8 32.Qd2 Rae8 33.Qe2 g4 34.Bg2 f4 35.Qb2 
Qe7 36.Qd2 Bh6 37.Qb2 Qg7 38.Bf1 Bb3 39.Rd7 Bxd1 40.Rxg7+ Bxg7 41.Bc4+ Kh7
42.Nd3 fxg3 43.hxg3 Bf3 44.Ne1 Bxe4 45.Be2 Bf5 46.b5 e4 47.Qb4 e3 48.f4 
Bd7 49.Qxa4 cxb5 50.Bxb5 Bxb5 51.Qxb5 Re7 52.a4 Rd8 53.Qb4 Rd4 54.Qa5 e2 
55.Kg2 Rd1 56.c6 bxc6 57.f5 g5 58.Qb4 Rdd7 59.Qxg4 Bh6 60.f6 Rf7 61.Qf5+ 
Kh8 62.Qg6 Bf8 63.Qh5+ Rh7 64.Qe8 Kg8 65.Qg6+ Kh8 66.Qe8 Kg8 1/2-1/2

[Event "XIII American Continental"]
[Site "Montevideo URU"]
[Date "2018.06.05"]
[Round "6"]
[White "Solari, Pablo"]
[Black "Soto, Nicolas"]
[Result "0-1"]
[WhiteElo "1678"]
[BlackElo "2011"]
[EventDate "2018.06.01"]
[PlyCount "106"]

1.d4 d5 2.Nf3 Nf6 3.Bf4 g6 4.h3 Bg7 5.e3 O-O 6.Be2 c5 7.O-O Qb6 8.Qc1 Nc6 
9.c3 Bf5 10.dxc5 Qxc5 11.Nd4 Bxb1 12.Rxb1 e5 13.Nb3 Qb6 14.Bh2 Rac8 15.Qd1
Rfd8 16.Bf3 d4 17.exd4 exd4 18.Nxd4 Nxd4 19.cxd4 Rxd4 20.Qe2 Re8 21.Qc2 
Nd5 22.Bxd5 Rxd5 23.b4 Bd4 24.a4 Rf5 25.Bg3 Qf6 26.Kh2 h5 27.Kh1 h4 28.Bh2
Rxf2 29.Rxf2 Qxf2 30.Qxf2 Bxf2 31.Bg1 Bxg1 32.Kxg1 Re4 33.Kf2 f5 34.a5 a6 
35.b5 Ra4 36.bxa6 bxa6 37.Rb6 Rxa5 38.Rxg6+ Kf7 39.Rh6 Ra4 40.Kf3 a5 41.
Ra6 Kg7 42.Ke3 Re4+ 43.Kf3 a4 44.g4 hxg3 45.Kxg3 Rb4 46.h4 Rg4+ 47.Kh3 Re4
48.Kg3 Kh7 49.Rf6 Re5 50.Ra6 Re4 51.Rf6 Rg4+ 52.Kf3 a3 53.Rxf5 Ra4 0-1

[Event "XIII American Continental"]
[Site "Montevideo URU"]
[Date "2018.06.05"]
[Round "6"]
[White "Moyses Sobrinho, Elias"]
[Black "Do Prado, Hamilton Mesquita"]
[Result "1-0"]
[WhiteElo "1920"]
[BlackElo "1681"]
[EventDate "2018.06.01"]
[PlyCount "89"]

1.d4 d5 2.c4 e6 3.Nc3 c6 4.e3 Nf6 5.Nf3 a6 6.Ne5 Qc7 7.c5 b5 8.f4 a5 9.Bd3
Ba6 10.O-O Nbd7 11.Qe2 Qb7 12.g4 b4 13.Nxd7 Nxd7 14.Bxa6 Qxa6 15.Qxa6 Rxa6
16.Ne2 Nf6 17.g5 Ne4 18.Ng3 Nxg3 19.hxg3 f5 20.b3 Be7 21.a3 bxa3 22.Rxa3 
Kf7 23.Bd2 Rha8 24.Rfa1 Bd8 25.Ra4 Rb8 26.b4 Rb5 27.bxa5 Bc7 28.Kf2 Rb7 
29.Ke1 Kg6 30.R4a2 Rb5 31.Ke2 Rb8 32.Kd3 Rb5 33.Kc2 Bd8 34.Rb2 Rxb2+ 35.
Kxb2 Kh5 36.Rh1+ Kg6 37.Kb3 Ra8 38.Ka4 Rb8 39.Bc3 Bc7 40.Rh2 Ra8 41.Rb2 
Ra7 42.Rb6 Bxb6 43.cxb6 Rb7 44.Kb4 Kf7 45.Kc5 1-0

[Event "XIII American Continental"]
[Site "Montevideo URU"]
[Date "2018.06.05"]
[Round "6"]
[White "Fein, Jorge"]
[Black "Barandiaran, Gabriel"]
[Result "1/2-1/2"]
[WhiteElo "1648"]
[BlackElo "1882"]
[EventDate "2018.06.01"]
[PlyCount "41"]

1.Nf3 d5 2.b3 Nf6 3.Bb2 g6 4.d3 Bg7 5.Nbd2 O-O 6.g3 c6 7.Bg2 Bg4 8.h3 Bd7 
9.O-O Qa5 10.c4 dxc4 11.Nxc4 Qd8 12.Rc1 Be6 13.Ng5 Bc8 14.Nf3 Nbd7 15.Rc2 
Nb6 16.Nxb6 axb6 17.Qa1 Be6 18.Nd4 Bd7 19.Nf3 Ra7 20.Bd4 c5 21.Bc3 1/2-1/2

[Event "XIII American Continental"]
[Site "Montevideo URU"]
[Date "2018.06.05"]
[Round "6"]
[White "Davila Texeira, Mario"]
[Black "Bon, Charles"]
[Result "0-1"]
[WhiteElo "1873"]
[BlackElo "1591"]
[EventDate "2018.06.01"]
[PlyCount "110"]

1.d4 Nf6 2.Bf4 g6 3.Nc3 d5 4.e3 Bg7 5.Be2 O-O 6.g4 a6 7.h4 Nbd7 8.g5 Ne8 
9.Nxd5 e5 10.dxe5 Nxe5 11.Nf6+ Nxf6 12.Bxe5 Qxd1+ 13.Rxd1 Ne4 14.Bxg7 Kxg7
15.Rh2 Bf5 16.Nf3 Rfd8 17.Nd4 Bc8 18.Bf3 Nc5 19.b3 Nd7 20.Ke2 Ne5 21.Bh1 
c5 22.Nf3 Bg4 23.Rxd8 Rxd8 24.h5 gxh5 25.Rh4 Rd6 26.Rxg4 Nxg4 27.Nh4 Rd7 
28.Be4 Ne5 29.f4 Ng6 30.Nf5+ Kf8 31.Bf3 h4 32.Bg4 Rd8 33.a4 b5 34.axb5 
axb5 35.Bh5 h3 36.Bf3 c4 37.bxc4 bxc4 38.Nd4 Nh4 39.Be4 h2 40.Kf2 Rb8 41.
Kg3 Rb1 42.Kxh2 Kg7 43.Kg3 Ng6 44.Nf5+ Kf8 45.Kf2 Rb6 46.Kf3 f6 47.Kg4 
fxg5 48.Kxg5 Ne7 49.Nxe7 h6+ 50.Kh5 Kxe7 51.Bd5 c3 52.Bc4 Kd6 53.e4 Kc5 
54.e5 Kxc4 55.f5 Kd5 0-1

[Event "XIII American Continental"]
[Site "Montevideo URU"]
[Date "2018.06.05"]
[Round "6"]
[White "Mordetzki, Ariel"]
[Black "Belistri, Ubaldo"]
[Result "1/2-1/2"]
[WhiteElo "1542"]
[BlackElo "1867"]
[EventDate "2018.06.01"]
[PlyCount "41"]

1.e4 e6 2.d4 d5 3.Nd2 Nf6 4.e5 Nfd7 5.Bd3 c5 6.c3 Nc6 7.Ne2 Be7 8.O-O O-O 
9.f4 cxd4 10.cxd4 Qb6 11.Nb3 f6 12.Qc2 f5 13.Bd2 a5 14.a4 Ndb8 15.Bb5 Bd7 
16.Rac1 Rc8 17.Qd3 Qd8 18.Nc5 Qb6 19.Rc2 Bxc5 20.Rxc5 Na6 21.Bxa6 1/2-1/2

[Event "XIII American Continental"]
[Site "Montevideo URU"]
[Date "2018.06.05"]
[Round "6"]
[White "Marrero, Javier"]
[Black "Torres Acosta, Raul"]
[Result "1-0"]
[WhiteElo "1849"]
[BlackElo "1676"]
[EventDate "2018.06.01"]
[PlyCount "107"]

1.d4 Nf6 2.c4 e5 3.dxe5 Ng4 4.Bf4 Bb4+ 5.Nd2 Qe7 6.Nf3 Nc6 7.e3 Ngxe5 8.
Nxe5 Nxe5 9.Be2 d6 10.O-O Bxd2 11.Qxd2 Bf5 12.c5 Rd8 13.cxd6 Rxd6 14.Qa5 
Re6 15.Qxa7 O-O 16.Qxb7 g5 17.Bxe5 Rxe5 18.Rac1 g4 19.Qxc7 Qf6 20.Rc6 Qg7 
21.Rc5 Rxc5 22.Qxc5 Be6 23.Qd4 Qg5 24.Rc1 Rd8 25.Qb4 h5 26.a4 h4 27.Qf4 
Qxf4 28.exf4 Rd2 29.Bb5 Rxb2 30.g3 hxg3 31.hxg3 Bd5 32.Bc6 Bxc6 33.Rxc6 
Ra2 34.Ra6 Kg7 35.Ra5 f6 36.Kf1 Kg6 37.Ke1 f5 38.Ra8 Kf7 39.a5 Ke7 40.a6 
Kd7 41.a7 Kc7 42.Rf8 Rxa7 43.Rf7+ Kb6 44.Rxf5 Ra1+ 45.Ke2 Ra2+ 46.Kf1 Kc6 
47.Rg5 Kd6 48.f5 Ra3 49.Rxg4 Kd5 50.Rf4 Ra7 51.Kg2 Ke5 52.f6 Rf7 53.f3 
Rxf6 54.Rxf6 1-0

[Event "XIII American Continental"]
[Site "Montevideo URU"]
[Date "2018.06.05"]
[Round "6"]
[White "Shih Ferreira, Yin Chieh"]
[Black "Visillac, Alejandro"]
[Result "0-1"]
[WhiteElo "1378"]
[BlackElo "1830"]
[EventDate "2018.06.01"]
[PlyCount "100"]

1.d4 e6 2.Nf3 d5 3.Bf4 Nf6 4.e3 Bd6 5.Bxd6 Qxd6 6.Bd3 Nc6 7.c3 e5 8.Be2 
O-O 9.O-O Bd7 10.h3 Rae8 11.Nbd2 exd4 12.exd4 Ne4 13.Nxe4 dxe4 14.Nh2 Ne7 
15.Ng4 Ng6 16.Ne3 Nf4 17.Qd2 Qg6 18.Ng4 Qg5 19.Rad1 h5 20.h4 Nxe2+ 21.Qxe2
Qxg4 22.Qxg4 Bxg4 23.Rde1 Bd7 24.Re3 f5 25.f4 exf3 26.Rexf3 Re2 27.R3f2 
Rfe8 28.Rxe2 Rxe2 29.Rf2 Re4 30.g3 Kf7 31.Rd2 Kf6 32.c4 g5 33.hxg5+ Kxg5 
34.b3 Re3 35.Kf2 f4 36.gxf4+ Kxf4 37.d5 h4 38.d6 c6 39.b4 h3 40.c5 h2 41.
Kg2 Rh3 42.Kh1 Ke3 43.Rb2 Be6 44.Rxh2 Kd4 45.Rxh3 Bxh3 46.Kh2 Bd7 47.Kg3 
Kc4 48.a3 Kb3 49.Kf4 Kxa3 50.Ke5 Kxb4 0-1